Ekológia v objektíve

Bibliographic Details
Format: Article
Language:Slovak
PhysicalDescription:Fotogr., tab.
ISSN:1336-5754
Subjects:

MARC

LEADER 00000nab a2200000 ar4500
001 vtls008964093
003 SK-MaSNL
005 20260303070805.0
008 070416c2007 xo |||||||||||000 b|slo
015 |a SNBRB2007/04  |2 snkbucl 
038 |a SNKBUCL 
040 |a SNKBUCL  |b slo  |c SNKBUCL  |e AACR2 
041 0 |a slo 
044 |a xo  |c SK 
080 |a 77.047:504:06.063  |x (437.6)  |2 1997 
080 |a 77.092  |2 1997 
080 |a 06.063  |2 1997 
245 0 0 |a Ekológia v objektíve 
300 |b Fotogr., tab. 
611 2 7 |a Ekológia v objektíve  |n (1. :  |d 2006 :  |c Slovensko)  |2 snkbucl  |9 1068695 
650 0 7 |a ekologická fotografia  |2 snkbucl  |9 1046585 
650 0 7 |a fotografické súťaže  |2 snkbucl  |9 2908 
773 0 |t DiGi revue  |g Roč. 3, č. 1 (2007), s. 59  |x 1336-5754 
852 |a SNK  |b KIS3GCP 
958 |a SK 
999 |c 1756941  |d 1758871